Letras menos usadas - Porrazos - Estadísticas

Estadísticas generales
  • Esta prueba ha sido intentada 230 veces
    221 desde el último reinicio
  • La puntuación promedio es 7 de 10
Estadísticas de respuestas
% Letra % Correcto
0,071 X
91%
0,320 Z
91%
0,001 W
89%
0,202 Ñ
86%
0,785 Y
83%
0,003 K
78%
0,795 H
66%
0,371 J
59%
0,487 F
39%
0,876 G
34%
No se encontraron pruebas coincidentes
Distribución de puntuación
Porcentaje de gente con cada puntuación
Porcentaje por número respondido
Historial de tus puntuaciones
No has intentado esta prueba desde el último reinicio